[Event "22nd Open"]
[Site "Cappelle la Grande FRA"]
[Date "2006.02.18"]
[Round "1"]
[White "Thielsch,N"]
[Black "Burmakin,V"]
[Result "1/2-1/2"]
[WhiteElo "2338"]
[BlackElo "2519"]
[EventDate "2006.02.18"]

1. d4 c6 2. e4 d5 3. exd5 cxd5 4. c4 Nf6 5. Nf3 g6 6. Nc3 Bg7 7. Be2 O-O 8.
O-O dxc4 9. Bxc4 Nbd7 10. h3 Nb6 11. Bb3 Nbd5 12. Re1 e6 13. Bg5 Nxc3 14.
bxc3 b6 15. Ne5 Bb7 16. Ng4 h5 17. Ne5 Qc7 18. Qd3 Nd5 19. c4 Ne7 20. Bf4
Qd8 21. Rad1 Nc6 22. Nxc6 Bxc6 23. d5 Bd7 24. Qg3 h4 25. Qf3 Qf6 26. Qe3
Rfe8 27. Bg5 Qf5 28. d6 Bf6 29. Bxf6 Qxf6 30. c5 bxc5 31. Qxc5 Rec8 32. Qd4
Kg7 33. Re4 a5 34. Qxf6+ Kxf6 35. Rf4+ Kg7 36. Ba4 g5 37. Bxd7 gxf4 38.
Bxc8 Rxc8 39. Rd4 e5 40. Rd5 Kf6 41. Kf1 Ke6 42. Rxa5 Kxd6 43. a4 Rc2 44.
Ra6+ Kd5 45. Rh6 Ra2 46. Rxh4 Rxa4 47. Rh7 Ra1+ 48. Ke2 Ra2+ 49. Ke1 Ke6
50. Rh8 Ra1+ 51. Ke2 e4 52. Re8+ Kd5 53. Rf8 Ra7 54. h4 Ke5 55. h5 f5 56.
Rh8 Kf6 57. Rg8 Rg7 58. Rf8+ Kg5 59. g3 f3+ 60. Ke3 Rh7 61. Rg8+ Kxh5 62.
Kf4 Rf7 63. Rh8+ Kg6 64. Rg8+ Kh7 65. Re8 Kh6 66. g4 fxg4+ 1/2-1/2

[Event "22nd Open"]
[Site "Cappelle la Grande FRA"]
[Date "2006.02.18"]
[Round "1"]
[White "Santos,AP"]
[Black "Rodriguez Guerrero,E"]
[Result "1/2-1/2"]
[WhiteElo "2262"]
[BlackElo "2464"]
[EventDate "2006.02.18"]

1. d4 d5 2. c4 c6 3. Nc3 Nf6 4. e3 e6 5. Nf3 Nbd7 6. Bd3 dxc4 7. Bxc4 b5 8.
Bd3 a6 9. e4 c5 10. e5 cxd4 11. Nxb5 axb5 12. exf6 gxf6 13. O-O Qb6 14. Be4
Bb7 15. Bxb7 Qxb7 16. Nxd4 Rg8 17. Qf3 Qxf3 18. Nxf3 Rg4 19. b3 Rc8 20. Be3
Ba3 21. Nd4 Rc5 22. f3 Rh4 23. g3 Rhh5 24. Rf2 Rhe5 25. Bh6 Rc3 26. Kg2 Rd5
27. Rd1 Ne5 28. Ne2 Rxf3 29. Rxd5 Rxf2+ 30. Kxf2 exd5 31. h3 Bc5+ 32. Be3
Nd3+ 33. Kf3 Ne5+ 34. Kf2 Nd3+ 35. Kf3 b4 36. Bxc5 Nxc5 1/2-1/2

[Event "22nd Open"]
[Site "Cappelle la Grande FRA"]
[Date "2006.02.18"]
[Round "1"]
[White "Gozzoli,Y"]
[Black "Gentilleau,JP"]
[Result "1-0"]
[WhiteElo "2464"]
[BlackElo "2262"]
[EventDate "2006.02.18"]

1. d4 d5 2. c4 e6 3. Nc3 Nf6 4. Nf3 Nbd7 5. Bf4 dxc4 6. e3 Nd5 7. Bxc4 Nxf4
8. exf4 Bd6 9. Qd2 O-O 10. O-O b6 11. Rad1 Bb7 12. Ne5 Nf6 13. Rfe1 Bb4 14.
a3 Bxc3 15. bxc3 Qd6 16. a4 Nd5 17. Bb3 Rad8 18. c4 Nf6 19. Qe3 c5 20. dxc5
Qxc5 21. Qxc5 bxc5 22. a5 Rb8 23. Ba4 Rfd8 24. f3 h6 25. Rxd8+ Rxd8 26. Rb1
Ba6 27. Nc6 Rd6 28. Rb8+ Kh7 29. Ne5 Rd2 30. Nxf7 g5 31. fxg5 hxg5 32. Bb5
Bxb5 33. Rxb5 g4 34. Ng5+ Kg6 35. Ne4 Nxe4 36. fxe4 Kg5 37. g3 Kf6 38. Rxc5
Ra2 39. Rh5 Re2 40. a6 Rxe4 41. Rc5 Re2 42. Rc7 Rc2 43. c5 Ke5 44. Rxa7
Rxc5 45. Rg7 Rc1+ 46. Kf2 Rc2+ 47. Ke3 Ra2 48. Rxg4 Rxa6 49. Rd4 Ra3+ 50.
Rd3 Ra2 51. h4 Kf5 52. Kf3 Ra4 53. Rd8 Ra3+ 54. Kg2 e5 55. Rf8+ Kg4 56.
Rg8+ Kf5 57. h5 Ra2+ 58. Kh3 Ra1 59. g4+ 1-0

[Event "22nd Open"]
[Site "Cappelle la Grande FRA"]
[Date "2006.02.18"]
[Round "1"]
[White "Van der Weide,K"]
[Black "Aloma Vidal,R"]
[Result "0-1"]
[WhiteElo "2466"]
[BlackElo "2264"]
[EventDate "2006.02.18"]

1. e4 c5 2. Nf3 e6 3. d4 cxd4 4. Nxd4 a6 5. Nc3 b5 6. Bd3 Qb6 7. Nf3 Nc6 8.
O-O Qb8 9. Re1 Nge7 10. b3 Ng6 11. Bb2 Bd6 12. a4 b4 13. Nb1 Nce5 14. Nbd2
a5 15. Nxe5 Nxe5 16. Qh5 Qc7 17. Nc4 Nxc4 18. Bxc4 O-O 19. Re3 Bf4 20. Rf3
g6 21. Qh4 Be5 22. Bxe5 Qxe5 23. Rd1 Ba6 24. Bxa6 Rxa6 25. Qf4 Rd6 26. Re1
Qxf4 27. Rxf4 Rc8 28. e5 Rd2 29. h4 Rdxc2 30. Rd1 Rc1 31. Rfd4 Rxd1+ 32.
Rxd1 Rc7 33. Rd6 Kf8 34. Ra6 Rc1+ 35. Kh2 Rc5 36. f4 Ke7 37. Ra7 Rd5 38. g3
f6 39. exf6+ Kxf6 40. Kh3 h5 41. Kg2 Kf5 42. Kh3 Ke4 43. Ra8 Kd4 44. Rg8
Kc3 45. Rxg6 Kxb3 0-1

[Event "22nd Open"]
[Site "Cappelle la Grande FRA"]
[Date "2006.02.18"]
[Round "1"]
[White "Szelag,M"]
[Black "Bitalzadeh,A"]
[Result "0-1"]
[WhiteElo "2468"]
[BlackElo "2270"]
[EventDate "2006.02.18"]

1. e4 c6 2. d4 d5 3. Nc3 dxe4 4. Nxe4 Bf5 5. Ng3 Bg6 6. h4 h6 7. Nf3 Nd7 8.
h5 Bh7 9. Bd3 Bxd3 10. Qxd3 e6 11. Bf4 Qa5+ 12. Bd2 Bb4 13. c3 Be7 14. c4
Qc7 15. O-O Ngf6 16. Rfe1 O-O 17. Nf5 exf5 18. Rxe7 Qd6 19. Re2 Ne4 20. Nh4
Ndc5 21. Qe3 Qf6 22. Nxf5 Qxf5 23. dxc5 Nxd2 24. Rxd2 Rfe8 25. Qa3 Re4 26.
Rad1 Rae8 27. Rd8 Qxh5 28. g3 Kh7 29. Qb4 R8e6 30. R8d4 b6 31. Qc3 bxc5 32.
Rd6 Rg6 33. Qd3 Rh4 34. Qxg6+ fxg6 35. gxh4 Qg4+ 36. Kf1 Qxc4+ 37. Ke1 Qxa2
38. R1d2 Qb1+ 39. Ke2 Qe4+ 40. Kd1 Qxh4 41. R6d3 Qh1+ 42. Ke2 h5 43. Rd1
Qe4+ 44. Kf1 h4 45. Kg1 g5 46. R1d2 g4 47. Re3 Qf5 48. Rde2 c4 49. Rd2 a5
50. Rde2 a4 51. Rd2 h3 52. Rg3 a3 53. bxa3 c3 54. Rdd3 c2 55. Rc3 h2+ 56.
Kg2 h1=Q+ 57. Kxh1 Qxf2 58. Rg1 Qd2 59. Rc5 Qh6+ 60. Kg2 Qh3+ 61. Kf2 Qf3+
0-1

[Event "22nd Open"]
[Site "Cappelle la Grande FRA"]
[Date "2006.02.18"]
[Round "1"]
[White "Worek,J"]
[Black "Totsky,L"]
[Result "0-1"]
[WhiteElo "2278"]
[BlackElo "2496"]
[EventDate "2006.02.18"]

1. d4 e6 2. Nf3 c5 3. c4 cxd4 4. Nxd4 Nf6 5. Nc3 Bb4 6. Bd2 Nc6 7. Nc2 Bc5
8. e4 Qb6 9. Be2 Bxf2+ 10. Kf1 a6 11. Bf4 e5 12. Bg5 Ne7 13. b4 h6 14. c5
Qe6 15. Bxf6 Qxf6 16. Bf3 Bd4 17. Nxd4 exd4 18. Nd5 Nxd5 19. exd5 d6 20.
Qe2+ Kd8 21. Re1 Bd7 22. c6 bxc6 23. Kf2 cxd5 24. a4 Re8 25. Qa2 Rxe1 26.
Rxe1 Be6 27. Kg1 d3 28. Qf2 Qc3 29. Qb6+ Qc7 30. Qf2 Rb8 31. Qh4+ Kd7 32.
a5 Qc4 33. Qf2 Rxb4 34. Qa7+ Kd8 35. Kh1 d2 36. Rd1 Rb2 37. h3 Rc2 38. Qe3
Qc3 39. Qb6+ Ke7 40. Qa7+ Kf6 41. Qxa6 Rc1 42. Qf1 Qxa5 43. Rxc1 dxc1=Q 44.
Qxc1 Qb4 45. Qf1 Qf4 46. Qd3 d4 47. Be4 Ke5 48. Bb7 Qe3 49. Qb5+ Kf4 50.
Qb4 Kg3 51. Qxd6+ Qf4 52. Qa3+ Qe3 53. Qa1 g5 54. Qd1 d3 0-1

[Event "22nd Open"]
[Site "Cappelle la Grande FRA"]
[Date "2006.02.18"]
[Round "1"]
[White "Andreev,Ed"]
[Black "Chulivska,V"]
[Result "1-0"]
[WhiteElo "2470"]
[BlackElo "2279"]
[EventDate "2006.02.18"]

1. e4 c5 2. Nf3 d6 3. d4 cxd4 4. Nxd4 Nf6 5. Nc3 a6 6. f3 e6 7. Be3 Nc6 8.
Qd2 Be7 9. O-O-O O-O 10. g4 Nxd4 11. Bxd4 Nd7 12. Kb1 b5 13. h4 Qc7 14. g5
b4 15. Na4 Nc5 16. Qxb4 Rb8 17. Qc3 e5 18. Be3 Be6 19. Nxc5 dxc5 20. Bc4
Rb4 21. Bd5 Rfb8 22. Bc1 c4 23. b3 Bc5 24. Bb2 Bd4 25. Rxd4 exd4 26. Qxd4
c3 27. Qxc3 Qxc3 28. Bxc3 R4b5 29. Be5 Rc8 30. c4 Rxc4 31. Bxc4 Bxc4 32.
Rd1 f6 33. gxf6 gxf6 34. Bc3 Be2 35. Rd8+ Kf7 36. Rd6 f5 37. Kb2 Bxf3 38.
Rf6+ Ke7 39. exf5 Bg4 40. Rxa6 Bxf5 41. a4 Rb8 42. b4 Rg8 43. b5 Rg2+ 44.
Ka3 Kd7 45. Rf6 Bc2 46. a5 Rg4 47. b6 1-0

[Event "22nd Open"]
[Site "Cappelle la Grande FRA"]
[Date "2006.02.18"]
[Round "1"]
[White "Lallemand,R"]
[Black "Senff,M"]
[Result "0-1"]
[WhiteElo "2279"]
[BlackElo "2471"]
[EventDate "2006.02.18"]

1. e4 c5 2. Nf3 d6 3. d4 cxd4 4. Qxd4 Nc6 5. Bb5 Bd7 6. Bxc6 Bxc6 7. Nc3
Nf6 8. Bg5 e6 9. O-O-O Be7 10. Rhe1 O-O 11. Qd2 h6 12. Bf4 e5 13. Bg3 Rc8
14. Kb1 b5 15. Nh4 b4 16. Nd5 Nxd5 17. exd5 Ba4 18. b3 Bxh4 19. Bxh4 Qxh4
20. bxa4 Rc4 21. g3 Qxh2 22. Qe3 Rfc8 23. Qxa7 Rxc2 24. Rc1 R2c3 25. Qb6
Qh5 26. Rxc3 Qf5+ 27. Ka1 bxc3 28. Rc1 c2 29. a5 Qd3 30. a6 Qd4+ 31. Qb2
Qxf2 32. a3 Qc5 33. Qb3 e4 34. Kb2 Qa7 35. Qa4 Qb6+ 36. Ka2 e3 37. a7 Qb7
38. Rxc2 Qxd5+ 39. Ka1 Qh1+ 40. Kb2 Qb7+ 41. Ka1 Ra8 42. Re2 Rxa7 43. Qe8+
Kh7 44. Qxe3 Qa6 45. Qe4+ g6 46. Re3 Qb5 47. Qb1 Qc5 48. Qb3 Qc1+ 49. Ka2
Qd2+ 50. Ka1 Rc7 0-1

[Event "22nd Open"]
[Site "Cappelle la Grande FRA"]
[Date "2006.02.18"]
[Round "1"]
[White "Peric,Sl"]
[Black "Jaracz,P"]
[Result "0-1"]
[WhiteElo "2284"]
[BlackElo "2486"]
[EventDate "2006.02.18"]

1. d4 Nf6 2. Nf3 g6 3. Bg5 Bg7 4. Nbd2 O-O 5. c3 d6 6. e4 Nc6 7. Be2 h6 8.
Bh4 e5 9. dxe5 dxe5 10. Bxf6 Qxf6 11. Nc4 Qe7 12. Ne3 Nd8 13. Bc4 Ne6 14.
O-O c6 15. Bxe6 Bxe6 16. Qe2 Rae8 17. b4 f6 18. Rfd1 Qf7 19. Nd2 Rd8 20. a4
f5 21. f3 f4 22. Nec4 g5 23. Nb2 h5 24. Ndc4 g4 25. Nd6 Qg6 26. Kh1 Bb3 27.
Nxb7 Bxd1 28. Nxd1 Rd7 29. Nc5 Rdf7 30. Nb2 h4 31. Nc4 Kh7 32. Rd1 h3 33.
Rd6 Rf6 34. Rxf6 Bxf6 35. fxg4 f3 36. Qxf3 Be7 37. Qxh3+ Kg8 38. Kg1 Bxc5+
39. bxc5 Qxe4 0-1

[Event "22nd Open"]
[Site "Cappelle la Grande FRA"]
[Date "2006.02.18"]
[Round "1"]
[White "Kasparov,S"]
[Black "Makropoulou,M"]
[Result "1-0"]
[WhiteElo "2491"]
[BlackElo "2284"]
[EventDate "2006.02.18"]

1. e4 e5 2. Nf3 Nc6 3. Bb5 a6 4. Bxc6 dxc6 5. O-O Bg4 6. h3 h5 7. d3 Qf6 8.
Nbd2 Ne7 9. Nc4 Bxf3 10. Qxf3 Qxf3 11. gxf3 Ng6 12. Be3 O-O-O 13. Rfd1 c5
14. Kf1 Bd6 15. Ke2 Nf8 16. f4 exf4 17. Nxd6+ cxd6 18. Bxf4 Ne6 19. Be3 d5
20. c4 d4 21. Bd2 g5 22. Rg1 Rhg8 23. Rg3 Rdf8 24. Rf3 Kd7 25. Rf5 f6 26.
a4 Kc6 27. a5 Ng7 28. Rd5 Rd8 29. b4 cxb4 30. Rb1 Rxd5 31. cxd5+ Kc7 32.
Rxb4 Ne8 33. Rxd4 Nd6 34. Bb4 Nb5 35. Rc4+ Kd7 36. Bc3 Rg6 37. Bb2 g4 38.
hxg4 hxg4 39. Rc1 Kd6 40. Ke3 g3 41. Rg1 g2 42. Kf3 Kc5 43. Rxg2 Rh6 44.
Rg7 Kb4 45. Rxb7 Kxa5 46. d6 Nxd6 47. Bc3+ Ka4 48. Rb4+ Ka3 49. Rb6 Ne8 50.
Rxa6+ Kb3 51. Bd2 1-0

[Event "22nd Open"]
[Site "Cappelle la Grande FRA"]
[Date "2006.02.18"]
[Round "1"]
[White "Petkov,V"]
[Black "Housieaux,D"]
[Result "1-0"]
[WhiteElo "2512"]
[BlackElo "2317"]
[EventDate "2006.02.18"]

1. d4 g6 2. c4 Bg7 3. Nc3 d6 4. e4 Nf6 5. Nf3 O-O 6. Be2 e5 7. O-O Na6 8.
Be3 Ng4 9. Bg5 Qe8 10. c5 h6 11. Bh4 g5 12. Bg3 exd4 13. Nxd4 dxc5 14. Nb3
Ne5 15. Bxa6 bxa6 16. Nxc5 Rb8 17. Qc2 Rb4 18. b3 Nd7 19. Nd3 Rb6 20. Rae1
Rc6 21. e5 Nb6 22. Nb4 Rc5 23. Qd2 a5 24. Nd3 Rc6 25. Nb5 Ba6 26. a4 Nd5
27. Qxa5 Nc3 28. Nb4 Bxb5 29. Nxc6 Bxf1 30. Qxc3 Ba6 31. Nxa7 h5 32. h4
gxh4 33. Bxh4 Qe6 34. Bf6 Bb7 35. Nb5 Qg4 36. f3 Qg3 37. Bxg7 Bxf3 38. Re2
Rd8 39. Nd6 Qxg7 40. Qxf3 cxd6 41. Qxh5 dxe5 42. Qxe5 Rd1+ 43. Kf2 Qg6 44.
a5 Rb1 45. Re3 Qc2+ 46. Re2 Qg6 47. Rd2 Kh7 48. Qd5 Qf6+ 49. Qf3 Qh4+ 50.
g3 Qh2+ 51. Qg2 Qh6 52. Qe4+ Kg7 53. Qg4+ Kh7 54. Qh4 1-0

[Event "22nd Open"]
[Site "Cappelle la Grande FRA"]
[Date "2006.02.18"]
[Round "1"]
[White "Radulski,J"]
[Black "Zdebskaja,N"]
[Result "1-0"]
[WhiteElo "2515"]
[BlackElo "2326"]
[EventDate "2006.02.18"]

1. e4 c5 2. Nf3 d6 3. d4 cxd4 4. Nxd4 Nf6 5. Nc3 a6 6. Bg5 e6 7. f4 Nbd7 8.
Qf3 Qc7 9. O-O-O b5 10. Bxf6 Nxf6 11. e5 Bb7 12. Qe3 dxe5 13. Ncxb5 Qb6 14.
fxe5 Nd5 15. Qf2 O-O-O 16. Nd6+ Bxd6 17. exd6 Rxd6 18. Bc4 Rhd8 19. Rd2 Nf4
20. Rhd1 e5 21. g3 Ne6 22. Nf5 Rxd2 23. Rxd2 Qxf2 24. Rxf2 Rd7 25. Bxe6
fxe6 26. Ne3 Kd8 27. Rd2 Rxd2 28. Kxd2 Ke7 29. c4 Kd6 30. Kc3 a5 31. b3 Be4
32. a3 Bf3 33. b4 axb4+ 34. axb4 Kc6 35. Nf1 Kb6 36. Nd2 Bb7 37. Kd3 Bg2
38. Ne4 Bh3 39. Nc5 Bf5+ 40. Ke3 Kc6 41. Nb3 Kb6 42. Na5 Bh3 43. c5+ Ka6
44. Nc4 e4 45. Nd6 Bg2 46. Kd4 Bf3 47. Ke3 Bg2 48. b5+ Ka5 49. b6 Ka6 50.
b7 Ka7 51. c6 Kb8 52. Nc4 1-0

[Event "22nd Open"]
[Site "Cappelle la Grande FRA"]
[Date "2006.02.18"]
[Round "1"]
[White "Yevseev,D"]
[Black "Repkova,E"]
[Result "1-0"]
[WhiteElo "2557"]
[BlackElo "2370"]
[EventDate "2006.02.18"]

1. d4 d5 2. c4 e6 3. Nf3 Nf6 4. g3 Be7 5. Bg2 O-O 6. Qc2 a6 7. Nbd2 Nc6 8.
O-O Nb4 9. Qd1 Ne4 10. a3 Nc6 11. e3 f5 12. b4 b5 13. cxd5 exd5 14. Qc2 Qd6
15. Bb2 Bf6 16. Rfc1 Bd7 17. Nb3 a5 18. Ne5 Bxe5 19. dxe5 Qe7 20. Qd3 axb4
21. Qxd5+ Be6 22. Qxc6 Bxb3 23. axb4 Rxa1 24. Rxa1 Bc4 25. Bd4 Qxb4 26.
Qxc7 Be6 27. Qb6 Qb3 28. Bf1 Nd2 29. Be2 Qd5 30. Rd1 Nc4 31. Qc5 Qb7 32.
Bc3 Rc8 33. Qd4 b4 34. Rb1 bxc3 35. Rxb7 c2 36. Qa1 Na5 37. Qxa5 c1=Q+ 38.
Kg2 f4 39. exf4 Kh8 40. Rb6 Bf5 41. Rd6 Be4+ 42. f3 Bxf3+ 43. Kxf3 Qh1+ 44.
Kg4 1-0

[Event "22nd Open"]
[Site "Cappelle la Grande FRA"]
[Date "2006.02.18"]
[Round "1"]
[White "Epishin,V"]
[Black "Draoui,N"]
[Result "1/2-1/2"]
[WhiteElo "2553"]
[BlackElo "2369"]
[EventDate "2006.02.18"]

1. d4 d5 2. c4 c6 3. Nf3 Nf6 4. e3 a6 5. b3 Bg4 6. Nbd2 e6 7. Bd3 Nbd7 8.
Bb2 Bd6 9. Qc2 Qb8 10. O-O Bh5 11. h3 O-O 12. Ng5 Bg6 13. Bxg6 hxg6 14.
Rac1 Re8 15. Rfd1 Qc7 16. c5 Be7 17. f4 Nh7 18. Ndf3 Nxg5 19. fxg5 e5 20.
e4 exd4 21. exd5 Bxc5 22. Bxd4 Bxd4+ 23. Nxd4 c5 24. b4 Rac8 25. bxc5 Qxc5
26. Qb1 Qa5 27. Rxc8 Rxc8 28. Kh1 Qb6 29. Nb3 Qe3 30. d6 Qxg5 31. Qe4 Qb5
32. Re1 Nf6 33. Qd4 Rd8 34. Nc1 Qc6 35. Rd1 a5 36. Qe5 b6 37. Nb3 Re8 38.
Qg3 Ne4 39. Qf3 Qc2 40. d7 Rd8 41. Kh2 f5 42. Rd4 Qc6 1/2-1/2

[Event "22nd Open"]
[Site "Cappelle la Grande FRA"]
[Date "2006.02.18"]
[Round "1"]
[White "Spoelman,W"]
[Black "Shengelia,D"]
[Result "1-0"]
[WhiteElo "2376"]
[BlackElo "2562"]
[EventDate "2006.02.18"]

1. e4 c5 2. Nf3 d6 3. d4 cxd4 4. Nxd4 Nf6 5. Nc3 Nc6 6. Bg5 e6 7. Qd2 Be7
8. O-O-O Nxd4 9. Qxd4 a6 10. h4 O-O 11. e5 dxe5 12. Qxe5 Bd7 13. Rh3 Rc8
14. Rhd3 Qe8 15. Ne4 Nxe4 16. Bxe7 Bc6 17. Bxf8 Qxf8 18. Qa5 Bd5 19. f3 Nc5
20. Rd4 b5 21. Kb1 Rc6 22. Qa3 Nb7 23. Qxf8+ Kxf8 24. Bd3 g6 25. b3 Nd6 26.
Be4 Bxe4 27. Rxd6 Bxc2+ 28. Kb2 Bxd1 29. Rxc6 a5 30. Rd6 Be2 31. Rd2 Bf1
32. Rf2 Bd3 33. Kc3 Bb1 34. Rb2 1-0

[Event "22nd Open"]
[Site "Cappelle la Grande FRA"]
[Date "2006.02.18"]
[Round "1"]
[White "Sorokin,M"]
[Black "Colin,V"]
[Result "1-0"]
[WhiteElo "2560"]
[BlackElo "2374"]
[EventDate "2006.02.18"]

1. Nf3 Nf6 2. c4 e6 3. g3 d5 4. Bg2 dxc4 5. Qa4+ Nbd7 6. Qxc4 c5 7. d3 a6
8. Qb3 Ra7 9. O-O b6 10. a4 Bb7 11. Na3 Be7 12. Nc4 O-O 13. e4 Bc6 14. Bf4
b5 15. axb5 Bxb5 16. Rfc1 Qa8 17. h3 Rd8 18. Rc3 Nb8 19. Na3 Nc6 20. Nxb5
axb5 21. Rxa7 Nxa7 22. Be3 Nd7 23. d4 c4 24. Qa2 Nc6 25. Qb1 Na5 26. e5 Qb8
27. Ng5 Bxg5 28. Bxg5 Rc8 29. Re3 Nb3 30. Re4 Nd2 1-0

[Event "22nd Open"]
[Site "Cappelle la Grande FRA"]
[Date "2006.02.18"]
[Round "1"]
[White "Moser,E"]
[Black "Timoshenko,G"]
[Result "1-0"]
[WhiteElo "2374"]
[BlackElo "2560"]
[EventDate "2006.02.18"]

1. e4 c6 2. d4 d5 3. e5 Bf5 4. c4 e6 5. Nc3 Ne7 6. a3 Nd7 7. c5 b6 8. b4 a5
9. Be3 f6 10. f4 Be4 11. Nge2 Nf5 12. Bf2 g5 13. Nxe4 dxe4 14. Ng3 Nxg3 15.
hxg3 axb4 16. axb4 bxc5 17. bxc5 Rxa1 18. Qxa1 Qb8 19. Be2 Qb4+ 20. Kf1 Bg7
21. Qa8+ Nb8 22. Qa2 O-O 23. Qxe6+ Kh8 24. Qf5 Qb1+ 25. Be1 h6 26. e6 Qb3
27. e7 Re8 28. Qxe4 f5 29. Qxf5 Rxe7 30. Rxh6+ Bxh6 31. Qf6+ Rg7 32. Qxh6+
Kg8 33. f5 Qd5 34. Qe6+ Qxe6 35. fxe6 Kf8 36. Bd2 Ke7 37. Bc4 Kf6 38. Ba5
Rg8 39. Bc7 Rc8 40. Bd6 g4 41. Ke2 Re8 42. Be5+ Kf5 43. Ke3 Rd8 44. e7 Re8
45. Bxb8 1-0

[Event "22nd Open"]
[Site "Cappelle la Grande FRA"]
[Date "2006.02.18"]
[Round "1"]
[White "Dworakowska,J"]
[Black "Malakhatko,V"]
[Result "0-1"]
[WhiteElo "2370"]
[BlackElo "2556"]
[EventDate "2006.02.18"]

1. e4 e6 2. d4 d5 3. Nc3 Nf6 4. e5 Nfd7 5. f4 c5 6. Nf3 Nc6 7. Be3 a6 8.
Qd2 b5 9. a3 g5 10. fxg5 cxd4 11. Nxd4 Ndxe5 12. Nce2 Qa5 13. c3 b4 14.
cxb4 Bxb4 15. Nc3 Bd6 16. Be2 Bb7 17. O-O Qc7 18. Kh1 Na5 19. b3 Ng6 20.
Rac1 Qd8 21. b4 Nc4 22. Bxc4 dxc4 23. Qf2 O-O 24. Nf3 Qc7 25. Na4 Rae8 26.
Nb6 c3 27. Bc5 Bxc5 28. bxc5 f6 29. gxf6 Rxf6 30. Rxc3 Bc6 31. Qd4 Ref8 32.
Qd6 Qb7 33. Kg1 e5 34. Qd1 Nf4 35. Nd2 Rg6 36. Rg3 Qe7 37. Rxg6+ hxg6 38.
Qb3+ Kg7 39. Qc4 Qg5 40. Rf2 Nh3+ 41. Kf1 Rxf2+ 0-1

[Event "22nd Open"]
[Site "Cappelle la Grande FRA"]
[Date "2006.02.18"]
[Round "1"]
[White "Mogranzini,R"]
[Black "Degraeve,JM"]
[Result "1/2-1/2"]
[WhiteElo "2370"]
[BlackElo "2553"]
[EventDate "2006.02.18"]

1. e4 e6 2. d4 d5 3. Nd2 c5 4. exd5 exd5 5. Ngf3 Nc6 6. Be2 Nf6 7. O-O cxd4
8. Nb3 Be7 9. h3 O-O 10. Nbxd4 Re8 11. c4 a6 12. cxd5 Nxd4 13. Nxd4 Nxd5
14. Bf3 Bf6 15. Ne2 Nb4 16. Qa4 Nc6 17. Rd1 Qa5 18. Qxa5 Nxa5 19. Nf4
1/2-1/2

[Event "22nd Open"]
[Site "Cappelle la Grande FRA"]
[Date "2006.02.18"]
[Round "1"]
[White "Grigoriants,S RUS"]
[Black "Cosma,E"]
[Result "1-0"]
[WhiteElo "2550"]
[BlackElo "2367"]
[EventDate "2006.02.18"]

1. e4 e6 2. d4 d5 3. Nc3 h6 4. Bd3 Nc6 5. Nf3 Nb4 6. Bf4 Nxd3+ 7. Qxd3 Nf6
8. exd5 Nxd5 9. Nxd5 exd5 10. Ne5 Be7 11. Qg3 Bg5 12. h4 Bxf4 13. Qxf4 Be6
14. Nd3 Qe7 15. O-O-O O-O-O 16. Rde1 Qd6 17. Re3 f6 18. Qf3 h5 19. Rhe1 Bg4
20. Qf4 g5 21. hxg5 Qxf4 22. Nxf4 fxg5 23. Ng6 Rh6 24. Ne7+ Kb8 25. Re5 c6
26. Rxg5 Rf8 27. f3 Bd7 28. Rg7 Re8 29. Re5 h4 30. Nxd5 Rxe5 31. dxe5 cxd5
32. Rxd7 h3 33. gxh3 Rxh3 34. e6 Kc8 35. Rxd5 1-0

[Event "22nd Open"]
[Site "Cappelle la Grande FRA"]
[Date "2006.02.18"]
[Round "1"]
[White "Vorobiov,E"]
[Black "Zozulia,A"]
[Result "1-0"]
[WhiteElo "2543"]
[BlackElo "2366"]
[EventDate "2006.02.18"]

1. e4 d6 2. d4 Nf6 3. Nc3 g6 4. Be3 c6 5. Qd2 b5 6. Bd3 Bg7 7. Bh6 O-O 8.
h4 e5 9. Bxg7 Kxg7 10. Nf3 Qe7 11. O-O-O Bg4 12. Be2 Nbd7 13. h5 b4 14.
hxg6 Bxf3 15. Qh6+ Kg8 16. gxh7+ Kh8 17. gxf3 Ne8 18. Rdg1 1-0

[Event "22nd Open"]
[Site "Cappelle la Grande FRA"]
[Date "2006.02.18"]
[Round "1"]
[White "Grooten,H"]
[Black "Ivanov,Sergey1"]
[Result "0-1"]
[WhiteElo "2365"]
[BlackElo "2541"]
[EventDate "2006.02.18"]

1. d4 d5 2. c4 c6 3. Nc3 Nf6 4. e3 e6 5. Nf3 Nbd7 6. Qc2 Bd6 7. Bd3 O-O 8.
O-O dxc4 9. Bxc4 b5 10. Bd3 Bb7 11. h3 Rc8 12. a3 c5 13. Bxb5 Bxf3 14. gxf3
cxd4 15. exd4 Nb6 16. Rd1 Nfd5 17. Bf1 f5 18. Bg2 Qh4 19. Qe2 Rf6 20. f4
Rg6 21. Qf3 Nxc3 22. bxc3 Nd5 23. Bd2 Bxf4 24. Be1 Bh6 25. Kh1 Nf4 26. Bf1
Qg5 27. Qg3 Qh5 28. Qe3 Nd5 29. Qd3 Be3 30. fxe3 Qf3+ 31. Kh2 Nxe3 32. Bh4
Rg2+ 33. Kh1 Qxh3+ 0-1

[Event "22nd Open"]
[Site "Cappelle la Grande FRA"]
[Date "2006.02.18"]
[Round "1"]
[White "Yagupov,I"]
[Black "Lanzani,M"]
[Result "1-0"]
[WhiteElo "2534"]
[BlackElo "2356"]
[EventDate "2006.02.18"]

1. e4 e5 2. Nf3 Nc6 3. Bb5 Nf6 4. O-O Nxe4 5. d4 Be7 6. Re1 Nd6 7. Bxc6
dxc6 8. dxe5 Nf5 9. Qxd8+ Bxd8 10. Nc3 h6 11. h3 Be7 12. Ne2 Bd7 13. g4 Nh4
14. Nxh4 Bxh4 15. Nd4 O-O-O 16. Nf5 Bxf5 17. gxf5 Rhe8 18. Kg2 Rd4 19. c3
Rd5 20. Re4 Bd8 21. Bf4 Bg5 22. c4 Rd3 23. Bg3 Rd2 24. Rg4 f6 25. e6 g6 26.
fxg6 f5 27. Rxg5 hxg5 28. Re1 f4 29. Bh2 Rd6 30. g7 Rg8 31. e7 1-0

[Event "22nd Open"]
[Site "Cappelle la Grande FRA"]
[Date "2006.02.18"]
[Round "1"]
[White "Ionov,S"]
[Black "Borsuk,A"]
[Result "1-0"]
[WhiteElo "2527"]
[BlackElo "2345"]
[EventDate "2006.02.18"]

1. d4 d6 2. Nf3 Nf6 3. c4 Bg4 4. Nc3 Nbd7 5. e4 e5 6. Be2 c6 7. Be3 Be7 8.
O-O O-O 9. Rc1 a6 10. b4 b5 11. d5 cxd5 12. cxd5 Bxf3 13. Bxf3 Nb6 14. Be2
Rc8 15. a4 Nc4 16. Bxc4 Rxc4 17. axb5 axb5 18. Qd3 Rxb4 19. Rb1 Rc4 20.
Rxb5 Qc7 21. Rb3 Rc8 22. Nb5 Qa5 23. Na7 Rc3 24. Nxc8 Rxd3 25. Nxe7+ Kf8
26. Nc6 Qa6 27. Rb8+ Ne8 28. Nb4 Qc4 29. Nxd3 Qxd3 30. Rc1 Qxe4 31. Rcc8 f5
32. Rxe8+ Kf7 33. h3 Qxd5 34. Rf8+ Kg6 35. Rfd8 f4 36. Rxd6+ Qxd6 37. Rb6
Qxb6 38. Bxb6 e4 39. g3 Kf5 40. gxf4 Kxf4 41. Kg2 g5 42. Be3+ Kf5 43. Kg3
h5 44. h4 1-0

[Event "22nd Open"]
[Site "Cappelle la Grande FRA"]
[Date "2006.02.18"]
[Round "1"]
[White "Mannion,S"]
[Black "Yemelin,V"]
[Result "1/2-1/2"]
[WhiteElo "2340"]
[BlackElo "2523"]
[EventDate "2006.02.18"]

1. e4 e5 2. Nf3 Nc6 3. Bb5 Nf6 4. O-O Nxe4 5. d4 Nd6 6. Bxc6 dxc6 7. dxe5
Nf5 8. Qxd8+ Kxd8 9. Nc3 Ne7 10. Rd1+ Ke8 11. h3 a5 12. b3 Ng6 13. Bb2 Nf4
14. Rd4 Ne6 15. Rd2 Bb4 16. a3 Bxc3 17. Bxc3 c5 18. Rad1 Ke7 19. Nh2 Rd8
20. Rxd8 Nxd8 21. Nf1 Be6 22. Ne3 Nc6 23. f4 Rd8 24. Rxd8 1/2-1/2

[Event "22nd Open"]
[Site "Cappelle la Grande FRA"]
[Date "2006.02.18"]
[Round "1"]
[White "Bagheri,A"]
[Black "Porat,I"]
[Result "1-0"]
[WhiteElo "2521"]
[BlackElo "2340"]
[EventDate "2006.02.18"]

1. d4 d5 2. Nf3 Nf6 3. c4 c6 4. e3 Bf5 5. Nc3 e6 6. Nh4 Be4 7. f3 Bg6 8.
Qb3 Qc7 9. Bd2 Be7 10. O-O-O Nbd7 11. cxd5 Nxd5 12. Nxg6 hxg6 13. Nxd5 exd5
14. Kb1 O-O-O 15. Rc1 Kb8 16. h3 Nf6 17. Bd3 Nh5 18. Rc3 Ng3 19. Rhc1 Ka8
20. Qa4 Qd7 21. b4 Rc8 22. Qb3 b5 23. Bxb5 cxb5 24. Rxc8+ Rxc8 25. Rxc8+
Qxc8 26. Qxd5+ Qb7 27. Qxf7 Qd7 28. e4 Nf1 29. Bg5 Qc7 30. Qe8+ 1-0

[Event "22nd Open"]
[Site "Cappelle la Grande FRA"]
[Date "2006.02.18"]
[Round "1"]
[White "Danielian,O"]
[Black "De Jong,JW"]
[Result "1-0"]
[WhiteElo "2518"]
[BlackElo "2334"]
[EventDate "2006.02.18"]

1. d4 Nf6 2. Bg5 Ne4 3. Bh4 c5 4. f3 g5 5. fxe4 gxh4 6. e3 Bh6 7. Kf2 Qb6
8. Nc3 cxd4 9. Qxd4 Qxd4 10. exd4 d6 11. Nd5 Kd8 12. Nf3 Nc6 13. c3 h3 14.
g3 Rf8 15. Nf4 e5 16. dxe5 dxe5 17. Rd1+ Ke8 18. Nd5 f5 19. Nc7+ Ke7 20.
Nxa8 fxe4 21. Nc7 Rxf3+ 22. Ke1 e3 23. Nd5+ Ke8 24. Be2 e4 25. Rf1 Rxf1+
26. Kxf1 Bg5 27. Bh5+ Kf8 28. Ke2 Be6 29. b3 Ne5 30. Nf4 Bxf4 31. Rd8+ Kg7
32. gxf4 Bg4+ 33. Kxe3 Nc6 34. Rd5 Ne7 35. Rg5+ 1-0